Premier League : meilleurs buteurs 2015/2016 - Statistiques

Statistiques générales
  • Ce quiz a été pris 197 fois
  • Le résultat moyen est 9 sur 21
Statistiques - réponses
Hint Réponse % Correct
25 Tottenham Kane
100%
24 Manchester City Aguero
99%
24 Leicester Vardy
99%
17 Leicester Mahrez
86%
18 Everton Lukaku
72%
16 Arsenal Giroud
69%
13 Arsenal Sanchez
52%
11 Southampton Mané
45%
12 Chelsea Costa
43%
13 Watford Deeney
39%
10 Liverpool Firmino
39%
11 Manchester United Martial
36%
15 Sunderland Defoe
33%
12 Swansea Ayew
28%
10 Tottenham Alli
25%
11 Southampton Pellè
11%
11 Stoke City Arnautovic
10%
10 Southampton Long
10%
11 Swansea Sigurdsson
10%
15 Watford Ighalo
7%
11 Newcastle Wijnaldum
4%
Aucun quiz correspondant
Distribution des résultats
% des personnes avec chaque résultat
Percentile par nombre de réponses
Votre historique - résultats
Vous n’avez pas pris ce quiz